000 02665nam a2200301 c 4500
999 _c206704
_d206704
003 BLK
005 20221004155535.0
008 180411b bul|||||r ||||||| ||bul||
010 _aKNG00216455000
040 _aBLK
041 _aBUL
_cBUL
080 _aРуска литература
_b821.161.1
_x-1
_z821.161.1-1
100 1 _aСумароков, Александър
_eпърви автор
_9350975
139 _a[Сто] 100 шедьоври на руската любовна лирика
_bС 77
245 1 0 _a[Сто] 100 шедьоври на руската любовна лирика
_cАлександър Сумароков; подб. и предг. Иван Цветков; прев. от рус. Кирил Крумов Кадийски.
257 _aBGR
260 _aСофия
_bНар. култура
_c1975
300 _a172 с.
_c20 см
380 _aX
500 _aДруги авт. : Ив. Димитриев, Ив. Козлов, В. Жуковски, Д. Давидов, Ф. Глинка, К. Батюшков, С. Аксаков, П. Вяземски, К. Рилеев, Ив. Мятлеев, В. Кюхелбекер, А. Делвиг, А. Пушкин, Е. Баратински, Ф. Тютчев, Д. Веневитинов, А. Колцов, В. Красов, М. Лермонтов, А. К. Толстой, Я. Полонски, А. Разоренов, А. Фет, А. Майков, Н. Некрасов, Л. Мей, Ив. Никитин, А. Апухтин, И. Аненски, К. Балмонт, Ив. Бунин, В. Брюсов, А. Блок, А. Бели, И. Северянин ; Други прев. : З. Иванов, Л. Любенов, Г. Ленков, К. Станишев, А. Миланов, Н. Антонов, П. Алипиев, Ц. Ангелов, Р. Ралин, Г. Джагаров, А. Германов, Н. Бояджиев, Л. Стоянов, Ив. Коларов, Р. Василев, Н. Христозов, Ив. Теофилов, П. Стефанов, М. Исаев ; Л. Любенов - псевд. на прев. Любен Георгиев Прангов. - 25 125 тир. ; Азб. показалец. - Кн. съдържа и лит. очерци за поместените авт., кратка творческа история на някои стихотворения.
700 1 _aЦветков, Иван
_eподб. и предг.
_9364088
700 1 _aКадийски, Кирил Крумов
_eпрев. от рус.
_9364061
852 _aЦб 77407
856 4 _qpdf
856 4 _qpdf
942 _cKNG
_n0
_01
_s1
944 _aCR
_c27.02.2018
_kНора_Радева
944 _aED
_c27.02.2018
_kНора_Радева
944 _aED
_c2022-10-04
_kХристина Везирева
999 _d206704